Určovanie vývoja fixných a variabilných nákladov záverečná práca postgraduálneho štúdia

Guardado en:
Detalles Bibliográficos
Autor principal: Števonka, Ján
Autor Corporativo: Vysoká škola ekonomická v Bratislave
Otros Autores: Dančová, Eliška
Formato: Libro
Lenguaje:eslovaco
Publicado: Bratislava 1988
Etiquetas: Agregar Etiqueta
Sin Etiquetas, Sea el primero en etiquetar este registro!

MARC

LEADER 00000nam a2200000 4500
001 c039621
005 20221219092527.4
041 0 |a slo 
044 |a SK 
245 1 0 |a Určovanie vývoja fixných a variabilných nákladov  |b záverečná práca postgraduálneho štúdia  |c Ján Števonka ; ved. práce Eliška Dančová 
264 1 |a Bratislava  |c 1988 
300 |a 45 s. 
100 1 |a Števonka, Ján 
700 1 |a Dančová, Eliška 
710 2 |a Vysoká škola ekonomická v Bratislave